1144 1282 1632 1939 1724 1030 1941 1208 1227 1401 1913 1635 1085 1173 1177 1949 1583 1245 1735 1691 1780 1101 1826 1348 1572 1724 1262 1061 1374 1938 1700 1873 1118 1496 1301 1312 1908 1802 1723 1786 1899 1780 1870 1509 1075 1796 1333 1057 1787 1304 1741 1169 1028 1382 1121 1045 1677 1180 1666 1791 1136 1517 1254 1920 1127 1129 1839 1516 1271 1619 1065 1412 1490 1289 1282 1898 1666 1887 1989 1961 1029 1984 1389 1737 1398 1052 1020 1206 1056 1666 1575 1757 1979 1160 1450 1082 1211 1348 1567 BCNSPRNW ULIB Ver.6.0+V

เปลี่ยนเป็นภาษาไทย

Change to English
 แสดงรายละเอียดบรรณานุกรม
  กลับหน้าหลัก

Brief Record : Get Marc (ISO 2709) : E-mail record : QR code < ปิดหน้าต่าง
LEADER : 00000nam 2200000uu 4500
001    13399127332
003     ULIB
008    200428s2561||||th 000 0 tha d
020    ^a9786164073029
060 04 ^aWQ240^bส241ภ
100 0  ^aสมชาย ธนวัฒนาเจริญ
245 10 ^aภาวะแทรกซ้อนเฉพาะในครรภ์แฝดชนิด Monochorion=^bUnique complications in monochorion twin pregnancy /^cสมชาย ธนวัฒนาเจริญ
250    ^aพิมพ์ครั้งที่ 1
260    ^aกรุงเทพฯ :^bภาควิชาสูติศาสตร์-นรีเวชวิทยา คณะแพทยศาสตร์ จุฬาลงกรณ์มหาวิทยาลัย,^c2561
300    ^a104 หน้า :^bภาพประกอบสี ;^c26 ซม.
505 0  ^aบทที่ 1ครรภ์แฝดชนิด Monochorion (MC) -- บทที่ 2 ภาวะการถ่ายเทเลือดระหว่างทารกไม่สมดุล --บทที่ 3 ภาวะทารกโตช้าในครรภ์หนึ่งคน --บทที่ 4 ภาวะ Twin anemia-polycythemia sequence (TAPS) --บทที่ 5 ภาวะ Twin reversed arterial perfusion (TRAP) sequence --บทที่ 6 ภาวะทารกเสียชีวิตหนึ่งคน --บทที่ 7 ภาวะทารกแฝดอยู่ในถุงการตั้งครรภ์เดียวกัน
650  0 ^aภาวะแทรกซ้อนขณะมีครรภ์
945    ^p280^l0^i28176
945    ^p280^l0^i28177
945    ^p280^l0^i28178
945    ^p280^l0^i28179
945    ^p280^l0^i28180
999    ^aกัณชพร จุลอักษร
รายการนี้ยังไม่มีแท็ก
คุณยังไม่ได้ล็อกอิน คุณสามารถมีกิจกรรมร่วมกับเว็บไซต์ได้ แต่ต้องล็อกอินก่อน ::
  ล็อกอิน

รายการสื่อสารสนเทศ

ลำดับที่ ประเภท เลขเรียก/บาร์โค้ด สถานที่ สถานะ
1. หนังสือสำรอง
หนังสือสำรอง
WQ240 ส241ภ ฉ.1 
  Barcode: 28176
ห้องสมุดวิทยาเขตนครสวรรค์
►หนังสือทั่วไป:l:General Books
บนชั้น
2. วิทยาศาสตร์การแพทย์ และสุขภาพ
วิทยาศาสตร์การแพทย์ และสุขภาพ
WQ240 ส241ภ ฉ.2 
  Barcode: 28177
ห้องสมุดวิทยาเขตนครสวรรค์
►หนังสือทั่วไป:l:General Books
บนชั้น
3. วิทยาศาสตร์การแพทย์ และสุขภาพ
วิทยาศาสตร์การแพทย์ และสุขภาพ
WQ240 ส241ภ ฉ.3 
  Barcode: 28178
ห้องสมุดวิทยาเขตนครสวรรค์
►หนังสือทั่วไป:l:General Books
บนชั้น
4. วิทยาศาสตร์การแพทย์ และสุขภาพ
วิทยาศาสตร์การแพทย์ และสุขภาพ
WQ240 ส241ภ ฉ.4 
  Barcode: 28179
ห้องสมุดวิทยาเขตนครสวรรค์
►หนังสือทั่วไป:l:General Books
บนชั้น
5. วิทยาศาสตร์การแพทย์ และสุขภาพ
วิทยาศาสตร์การแพทย์ และสุขภาพ
WQ240 ส241ภ ฉ.5 
  Barcode: 28180
ห้องสมุดวิทยาเขตนครสวรรค์
►หนังสือทั่วไป:l:General Books
บนชั้น

รายการใกล้เคียง
    ผู้แต่ง [สมชาย ธนวัฒนาเจริญ]

    หัวเรื่อง [ภาวะแทรกซ้อนขณะมีครรภ์]

BibComment


ยังไม่เคยถูกคอมเมนท์

คอมเมนท์ทรัพยากรรายการนี้
  คอมเมนท์: ภาวะแทรกซ้อนเฉพา..


 Copyright 2026. Bcnsprnw @Library